000 00448nam a2200157 a 4500
005 20260322212050.0
008 data
099 _a 917.91 R56 1963
100 1 _aRobinson, Dorothy F.
245 1 0 _aGeographical background of Arizona/
_cDorothy F. Robinson.
260 _aPhoenix, Ariz. :
_bWestern Bookbinding,
_c1963.
300 _a44 p. : ill., maps ;
_b29 cm.
650 0 _aArizona
_xDiscription and travel
650 0 _aArizona
_xHistory
001 data
999 _c1179
_d1179